01167nam a2200193Ia 4500001001100000003001000011008004100021040002500062041001300087100002800100245011100128250001100239260006200250300001200312500026000324501011400584520026000698650001500958L510-25778IT-CnALBA170116s9999||||xx |||||||||||||| ||und|| aIT-CnALBAcIT-CnALBA aITALIANO aDARBESIO ONORATO, DOTT. 0aARITMETICA E GEOMETRIA. PER LE SCUOLE DI AVVIAMENTO A TIPO COMMERCIALE E INDUSTRIALE FEMMINILE. VOL. III.  a1a ed. a TO BO CT PAbSOCIETÀ ED. INTER. c1953 [1° Ed.: n.d.] a186 p.  aPER LA III CLASSE. ESERCIZI E PROBLEMI DI ARITMETICA E GEOMETRIA. CON INDICAZIONE DEI RISULTATI. DONO DI GROSSO V. SSP. RISTAMPA. RAPPORTI E PROPORZIONI. APPLICAZIONI DELLE PROPORZIONALITA'. CALCOLI PERCENTUALI. INTERESSE SCONTO. GEOMETRIA SOLIDA. POLIEDR aSocietà San Paolo EM - Piazza San Paolo, 14 - 12051 ALBA (CN) (non commercial uses only) ® Copyright 2017 aPER LA III CLASSE. ESERCIZI E PROBLEMI DI ARITMETICA E GEOMETRIA. CON INDICAZIONE DEI RISULTATI. DONO DI GROSSO V. SSP. RISTAMPA. RAPPORTI E PROPORZIONI. APPLICAZIONI DELLE PROPORZIONALITA'. CALCOLI PERCENTUALI. INTERESSE SCONTO. GEOMETRIA SOLIDA. POLIEDR aMATEMATICA